| 000 | 00528nam a2200181 i 4500 | ||
|---|---|---|---|
| 001 | 45542 | ||
| 003 | ES-MaACL | ||
| 005 | 20230906161232.0 | ||
| 007 | t| | ||
| 008 | 030326s1921 py ||||1| spa d | ||
| 100 | 1 |
_aColman, Narciso R. _939763 |
|
| 245 | 1 | 0 |
_aOcara Potÿ _b: (flores silvestres) / _cNarciso R. Colman ; prólogo de Juan E. O'Leary. |
| 250 | _a2ª ed. | ||
| 260 |
_aAsunción : _bAriel, _c1921. |
||
| 300 |
_a2 v. ; _c18 cm. |
||
| 700 | 1 |
_aO'Leary, Juan E. ( _d1879-1969) _986341 |
|
| 852 |
_aES-MaACL _jF-427-28 |
||
| 999 |
_c45542 _d45542 |
||